000 00390nam a2200145Ia 4500
008 230917s9999||||xx |||||||||||||| ||und||
040 _e251598
_aMAIN
041 _aEnglish
082 _a332.460954 M289F
100 _aMujumdar, N A
245 0 _aFinancial sector reforms: India's economic development 2V
260 _aDelhi
_bAcademic Foundation
_c2002
300 _av. p.
942 _cBK
999 _c112587
_d112587